000 00598nam a2200169 a 4500
008 190521s2018 ||||||||||||||||| || u
020 _a9789211542219
050 _aUNO(02)2018/1
245 0 0 _aHuman Rights And Constitution Making
_cBy United Nations
260 _aNew York
_bUNITED NATIONS
_c2018
300 _aiv ,144pages: illustrations
650 _aCONSTITUTIONAL LAW
650 _aCIVIL RIGHTS
650 0 _aHUMAN RIGHTS
650 _aLAW REFORM
995 _FCBU-MAIN LIBRARY (Kitwe)
_M1
_UAVAILABLE
_WMay 21, 2019
_ZInternational Publications
999 _c45966
_d45966